International interim governments, democratization, and post-conflict peace building: lessons from Cambodia and East Timor
Saved in:
| Main Author: | |
|---|---|
| Format: | Chapter/Article |
| Language: | English |
| Published: |
2007
|
| In: |
Interim governments
Year: 2007, Pages: 217-238 |
| Online Access: |
|
| Author Notes: | Aurel Croissant |
MARC
| LEADER | 00000caa a2200000 c 4500 | ||
|---|---|---|---|
| 001 | 1752773802 | ||
| 003 | DE-627 | ||
| 005 | 20220819151024.0 | ||
| 007 | tu | ||
| 008 | 210330s2007 xx ||||| 00| ||eng c | ||
| 035 | |a (DE-627)1752773802 | ||
| 035 | |a (DE-599)KXP1752773802 | ||
| 035 | |a (OCoLC)1341401398 | ||
| 040 | |a DE-627 |b ger |c DE-627 |e rda | ||
| 041 | |a eng | ||
| 084 | |a 16 |2 sdnb | ||
| 100 | 1 | |a Croissant, Aurel |d 1969- |0 (DE-588)120357321 |0 (DE-627)080624138 |0 (DE-576)178221074 |4 aut | |
| 245 | 1 | 0 | |a International interim governments, democratization, and post-conflict peace building |b lessons from Cambodia and East Timor |c Aurel Croissant |
| 264 | 1 | |c 2007 | |
| 300 | |a 22 | ||
| 336 | |a Text |b txt |2 rdacontent | ||
| 337 | |a ohne Hilfsmittel zu benutzen |b n |2 rdamedia | ||
| 338 | |a Band |b nc |2 rdacarrier | ||
| 773 | 0 | 8 | |i Enthalten in |t Interim governments |b 1. publ. |d Washington, D.C : United States Inst. of Peace Press, 2007 |g (2007), Seite 217-238 |h XIII, 406 S |w (DE-627)533563070 |w (DE-576)27346244X |z 1601270178 |z 9781601270177 |z 1601270186 |7 nnam |a International interim governments, democratization, and post-conflict peace building lessons from Cambodia and East Timor |
| 773 | 1 | 8 | |g year:2007 |g pages:217-238 |g extent:22 |a International interim governments, democratization, and post-conflict peace building lessons from Cambodia and East Timor |
| 951 | |a AR | ||
| 992 | |a 20210330 | ||
| 993 | |a BookComponentPart | ||
| 994 | |a 2007 | ||
| 998 | |g 120357321 |a Croissant, Aurel |m 120357321:Croissant, Aurel |d 180000 |d 180500 |e 180000PC120357321 |e 180500PC120357321 |k 0/180000/ |k 1/180000/180500/ |p 1 |x j |y j | ||
| 999 | |a KXP-PPN1752773802 |e 389796015X | ||
| BIB | |a Y | ||
| JSO | |a {"relHost":[{"recId":"533563070","title":[{"subtitle":"institutional bridges to peace and democracy?","title_sort":"Interim governments","title":"Interim governments"}],"physDesc":[{"noteFormat":"23cm","noteIll":"graph. Darst.","extent":"XIII, 406 S"}],"note":["Includes bibliographical references and index"],"origin":[{"dateIssuedKey":"2007","publisher":"United States Inst. of Peace Press","editionNo":"1","edition":"1. publ.","dateIssuedDisp":"2007","publisherPlace":"Washington, D.C"}],"name":{"displayForm":["Ed. by Karen Guttieri ..."]},"type":{"bibl":"edited-book"},"disp":"International interim governments, democratization, and post-conflict peace building lessons from Cambodia and East TimorInterim governments","person":[{"role":"edt","given":"Karen","family":"Guttieri","display":"Guttieri, Karen"}],"part":{"pages":"217-238","text":"(2007), Seite 217-238","year":"2007","extent":"22"},"id":{"eki":["533563070"],"isbn":["1601270178","9781601270177","1601270186"]},"language":["eng"]}],"title":[{"title":"International interim governments, democratization, and post-conflict peace building","title_sort":"International interim governments, democratization, and post-conflict peace building","subtitle":"lessons from Cambodia and East Timor"}],"recId":"1752773802","origin":[{"dateIssuedKey":"2007","dateIssuedDisp":"2007"}],"person":[{"role":"aut","given":"Aurel","family":"Croissant","display":"Croissant, Aurel"}],"physDesc":[{"extent":"22 S."}],"type":{"bibl":"chapter"},"name":{"displayForm":["Aurel Croissant"]},"language":["eng"],"id":{"eki":["1752773802"]}} | ||
| SRT | |a CROISSANTAINTERNATIO2007 | ||